Un aprendizaje o El libro de los placeres /

Guardado en:
Detalles Bibliográficos
Autor principal: Lispector, Clarice (autor)
Otros autores: Cixous, Hélène (estudio) (estudio), Gilio, María Ester (entrevista) (entrevista), Nepomuceno, Eric (entrevista) (entrevista), Hubert, Rosario (prólogo y traducción) (prólogo y traducción)
Formato: Libro
Idioma:Español
Publicado: Buenos Aires, Argentina : Corregidor, 2020, c2020
Colección:(Vereda Brasil ; 20)
(Biblioteca Lispector)
Temas:
Etiquetas: Agrega una etiqueta
Sin etiquetas, Sé el primero en etiquetar este registro!

MARC

LEADER 00000nam^a2200000^a^4500
001 000629151
005 20260309000000.0
009 20260407175340.493
020 |a 978-950-05-3290-7 
037 |a Acervo ITESO - Biblioteca 
041 |a ESP 
082 |a 869.  |b LIS 
100 |a Lispector, Clarice  |e (autor) 
240 1 4 |a [Un aprendizaje o El libro de los placeres] 
245 1 3 |a Un aprendizaje o El libro de los placeres /  |c C. Lispector ; estudio de H. Cixous ; entrevista de M.E. Gilio, E. Nepomuceno ; pról. y tr. por R. Hubert. 
264 4 |a Buenos Aires, Argentina :  |b Corregidor,  |c 2020, c2020 
300 |a 181 p. 
336 |a texto  |b txt  |2 rdacontenido 
337 |a sin mediación  |b n  |2 rdamedio 
338 |a volumen  |b nc  |2 rdasoporte 
440 1 |a (Vereda Brasil ;  |v 20) 
440 1 |a (Biblioteca Lispector) 
500 |a Traducción de: Um aprendizagem ou O livro dos prazeres 
521 |a FIL 2025 DIA 
545 0 |a La brasileña Clarice Lispector (Ucrania, 1920-Río de Janeiro, 1977), estudió Derecho en Río de Janeiro, aunque su vocación literaria se manifestó prácticamente desde la adolescencia. Obtuvo con su primer libro, Cerca del corazón salvaje (1943), el Premio Graça Aranha de ese año. Introductora de la línea introspectiva en la narrativa brasileña, usó en su escritura el fluir de conciencia, incluso antes de saber de James Joyce y Virginia Woolf. Preocupada por los límites de la palabra y por atrapar el misterio y lo inaprehensible, se mueve en una temática marcadamente intimisma y feminista. Lazos de familia (1960), La manzana en la oscuridad 1961), La pasión según G.H. (1963), Aprendizaje o el libro de los placeres (1969), Felicidad clandestina (1971) y La hora de la estrella (1977), son algunos de sus textos. 
649 |a XX 
650 |a Novela Brasileña 
650 |a Literatura Brasileña -  |y Siglo XX 
650 |a Literatura de Mujeres -  |z Brasil 
650 |a Amor en la Literatura 
650 |a Educación Sentimental en la Literatura 
700 |a Cixous, Hélène  |e (estudio) 
700 |a Gilio, María Ester  |e (entrevista) 
700 |a Nepomuceno, Eric  |e (entrevista) 
700 |a Hubert, Rosario  |e (prólogo y traducción) 
910 |a Fondo General 
920 |a Impresos - Libros 
930 |a Colección General 
940 |a Literatura 
905 |a 101 
901 |a 629151-10  |b IT1  |c LIT  |i C193064  |u 20260309 
902 |a https://opac.biblio.iteso.mx/vufind/Record/000629151